000
00251nam a22001097a 4500
082
_a
658 STR'I
100
_a
STRONG, EARL P
_9
57244
245
_a
INCREASING OFFICE PRODUCTIVITY
260
_a
NEWYORK
_b
MCGRAW HILL
_c
1962
300
_a
287P
942
_c
BK
999
_c
567535
_d
567535